000 00481nam a2200193Ia 4500
005 20140314153948.0
008 140130s9999 xx 000 0 und d
020 _a059046406X
050 _aPZ 7
_b.H389Sh 1993
100 _aHenkes, Kevin
245 _cKevin Henkes
_aSheila Rae, the brave /
260 _bScholastic,
_aNew York :
_c1993.
300 _a[32] p. :
_bcol. ill. ;
_c26 cm.
440 _v1
521 _aG2
526 _c440
942 _cBK
_2lcc
999 _c40359
_d40359